| 000 | 00788nam a22002177a 4500 | ||
|---|---|---|---|
| 999 |
_c19633 _d19633 |
||
| 003 | AR-CdUCM | ||
| 008 | 190518b ||||| |||| 00| 0 spa d | ||
| 040 |
_aMUNICIPALIDAD PROVINCIAL DEL CUSCO _cBIBLIOTECA MUNICIPAL DEL CUSCO |
||
| 082 |
_a869.503 / _bB44 |
||
| 100 |
_aBendezú Aibar, Edmundo _914843 |
||
| 245 |
_aLa novela peruana : _bde Olavide a Bryce / |
||
| 260 |
_aLima : _bLumen, _c1992. |
||
| 300 |
_a343 páginas ; _c22 cm. |
||
| 440 |
_aColección Prisma. _939570 |
||
| 505 | _aContenido: Romanticismo -- Páblo de Olavide -- Narciso Aréstegui -- Luis Benjamín Cisneros -- Clorinda Matto -- Mercedes Cabello ... | ||
| 650 |
_aNovela peruana _91234 |
||
| 650 |
_aSiglo XX _98 |
||
| 650 |
_aHistoria y crítica _95993 |
||
| 942 |
_2ddc _cLIBROS |
||
| 945 |
_aachl _d2019-05-18 |
||